00485nmm a2200145Ia 4500008004100000020001800041041000800059100002400067245005300091264004400144300001800188490005000206650003200256856005100288251105s9999||||xx |||||||||||||||||und|| a9788476583593 aspa aPía Lara, María 0aLa democracia como proyecto de identidad ética a[Madrid, España] :bAnthropos, c1992 a260 páginas aPensamiento crítico / Pensamiento utópico aPolitical Science (General) uhttps://public.digitaliapublishing.com/a/66532